Every Soviet City With a Metro System - Statistics

General Stats
  • This quiz has been taken 89 times
  • The average score is 10 of 13
Answer Stats
Year Opened Stations Metro City % Correct
1935 258 Moscow
100%
1955 71 St Petersburg
99%
1960 52 Kyiv
92%
1984 33 Minsk
86%
1967 27 Baku
74%
1966 23 Tbilisi
73%
1981 10 Yerevan
73%
1975 30 Kharkiv
71%
1991 9 Yekaterinburg
69%
1985 16 Nizhny Novgorod
63%
1977 43 Tashkent
63%
1986 13 Novosibirsk
52%
1987 13 Samara
49%
No matching quizzes found
Score Distribution
Percent of People with Each Score
Percentile by Number Answered
Your Score History
You have not taken this quiz